'Y' in the Middle Quiz Stats

 Plays Quiz Updated May 13, 2016

Challenge
Share
Tweet
Embed
Score 0/24 Timer 05:00
0 Plays Today
Clue _ _ Y _ _ % Correct
Head of city hallmayor
92.6%
Bonnie's partner in 1930s crimeClyde
92.2%
Relating to kings and queensroyal
91%
Partner of Rolls in a British car companyRoyce
89.7%
A canoe paddled with a double-headed oarkayak
84.6%
Cake tierlayer
80.4%
Faithful in allegianceloyal
79.6%
Perhaps or unsuremaybe
79.3%
Entrance hallfoyer
76.6%
Limerick or sonnet characteristicrhyme
75.1%
Actor Cranston of 'Breaking Bad'Bryan
74.1%
Louisiana backwaterbayou
72.9%
Clue _ _ Y _ _ % Correct
U.S. President RutherfordHayes
72.7%
North African countryEgypt
71.2%
Bank check recipientpayee
66.9%
Underground burial vaultcrypt
66.4%
Yucat√°n nativeMayan
64.8%
Aromatic herb used for cooking and medicinethyme
62.9%
Romantic rendezvoustryst
59.6%
Synthetic fabric made from extruded celluloserayon
54.2%
Fashion sense or a particular trendstyle
49.8%
2006-2014 detective show with Gus and ShawnPsych
37.2%
A deep chasmabyss
36.4%
A pictorial symbol used in writingglyph
31.6%

You're not logged in!

Compare scores with friends on all Sporcle quizzes.
Join for Free
OR
Log In

You Might Also Like...

Show Comments

Extras

Top Quizzes Today


Score Distribution

Your Account Isn't Verified!

In order to create a playlist on Sporcle, you need to verify the email address you used during registration. Go to your Sporcle Settings to finish the process.

Report this User

Report this user for behavior that violates our Community Guidelines.

Details: